Current Geriatric Diagnosis and Treatment (Record no. 16945)
[ view plain ]
| 000 -LEADER | |
|---|---|
| fixed length control field | 00437nam a22001457a 4500 |
| 008 - FIXED-LENGTH DATA ELEMENTS--GENERAL INFORMATION | |
| fixed length control field | 180709b xxu||||| |||| 00| 0 eng d |
| 020 ## - INTERNATIONAL STANDARD BOOK NUMBER | |
| International Standard Book Number | 0071241337 |
| 050 ## - LIBRARY OF CONGRESS CALL NUMBER | |
| Classification number | RC952 |
| Item number | .A1C87 |
| 245 ## - TITLE STATEMENT | |
| Title | Current Geriatric Diagnosis and Treatment |
| Statement of responsibility, etc. | edid by Seth... [et al] |
| 250 ## - EDITION STATEMENT | |
| Edition statement | International edition |
| 260 ## - PUBLICATION, DISTRIBUTION, ETC. (IMPRINT) | |
| Place of publication, distribution, etc. | Boston |
| Name of publisher, distributor, etc. | McGrawHill |
| Date of publication, distribution, etc. | 2004 |
| 300 ## - PHYSICAL DESCRIPTION | |
| Extent | xiii,558p. |
| 650 ## - SUBJECT ADDED ENTRY--TOPICAL TERM | |
| Topical term or geographic name as entry element | Geriatrics |
| Form subdivision | periodicals |
| 942 ## - ADDED ENTRY ELEMENTS (KOHA) | |
| Source of classification or shelving scheme | Library of Congress Classification |
| Koha item type | General Collection |
| Classification part | RC952 |
| Withdrawn status | Lost status | Source of classification or shelving scheme | Not for loan | Home library | Current library | Date acquired | Total Checkouts | Full call number | Barcode | Date last seen | Price effective from | Koha item type | Cost, normal purchase price |
|---|---|---|---|---|---|---|---|---|---|---|---|---|---|
| Library of Congress Classification | Kabarak, Main Campus | Kabarak, Main Campus | 09/07/2018 | RC952 .A1C87 2004 c.1 | 025444 | 09/07/2018 | 09/07/2018 | General Collection | |||||
| Library of Congress Classification | Kabarak, Main Campus | Kabarak, Main Campus | 09/07/2018 | RC952 .A1C87 2004 c.2 | 025445 | 09/07/2018 | 09/07/2018 | General Collection | 4200.00 |